Seis años de obras para el progreso 2004-2010 (Record no. 9461)

MARC details
000 -LEADER
campo de control de longitud fija 00408nam a2200133Ia 4500
001 - NÚMERO DE CONTROL
campo de control 1693
008 - DATOS DE LONGITUD FIJA--INFORMACIÓN GENERAL
campo de control de longitud fija 241024s9999 xx 000 0 und d
082 ## - NÚMERO DE LA CLASIFICACIÓN DECIMAL DEWEY
Número de clasificación RD/352.77/R426o
100 ## - ENTRADA PRINCIPAL--NOMBRE DE PERSONA
Nombre de persona República Dominicana. Oficina de Ingenieros Supervisores de Obras del Estado (OISOE)
245 #0 - MENCIÓN DEL TÍTULO
Título Seis años de obras para el progreso 2004-2010
260 ## - PUBLICACIÓN, DISTRIBUCIÓN, ETC.
Nombre del editor, distribuidor, etc. OISOE
Fecha de publicación, distribución, etc. 2010
901 ## - ELEMENTOS DE DATOS A LOCAL LDA (RLIN)
a 30/8/2011 9:06:21 a.m.

No items available.

© 2024. Todos los Derechos Reservados. Desarrollado por IDEICE